000 00642nam a22001937a 4500
999 _c186233
_d186233
005 20220218100140.0
010 _aENG-131664
020 _a9789392311000
_c699.00
035 _aEN-115196
037 _bDBAD
082 _a004.22
100 _aPatra, P. Santosh Kumar
245 _aComputer Organization and Architecture/
_cP.Santosh Kumar Patra, Manu Hajari
260 _aHyderabad
_bSunRaise International Publishers
_c2021
270 _a# 326/C, Level-2, Surneni Nilayam Near B K Guda Park, S R Nagar
_bHyderabad
_e500038
300 _aviii, 400p.
_c24cm(pbk)
700 _aHajari, Manu
942 _2ddc
_cEN
_h531
_mPAT